| 000 | 00443cam a2200181 4500 | ||
|---|---|---|---|
| 001 | B993 | ||
| 008 | 090401t1935 xxu||||| |||| 00| 0 eng d | ||
| 035 | _a(Sirsi) u38978 | ||
| 041 | _aeng | ||
| 050 | _a692.5 | ||
| 100 | _aWillis, Arthur J | ||
| 245 | _aElements of quantity surveying | ||
| 260 |
_aLondon _bCrosby Lockwood and Son Ltd _c1935 |
||
| 300 | _axi, 272p. : ill. ; 25cm. | ||
| 350 | _a0.75 | ||
| 942 | _n0 | ||
| 948 | _c04/03/1997 | ||
| 999 |
_c90741 _d90741 |
||